000
00283nam a22001217a 4500
008
260326b ||||| |||| 00| 0 eng d
041
_a
eng
080
_a
821.18
100
_a
25
101
_a
Ngjarje
245
_a
Tales from old Shkodra
_c
Dugagjini Ballkan Books
942
_2
udc
_c
BK
999
_c
60943
_d
60943